000 00360 a2200109 4500
020 _a0855886331
082 _a332.621 PHI
100 _aPhillips, Steve
245 _aIntelligent Transport Systems in Asset Management Issues Paper /
_cSteve Phillips
260 _aSydney :
_bAustroads Incorporated Level 9, Robell House,
_c2002
300 _a17p. :
_bill. ;
_c30 cm
650 _aTransport Systems
999 _c2074
_d2074